Championship 25/26 - Statistics

General Stats
  • This quiz has been taken 28 times
  • The average score is 20 of 24
Answer Stats
Hint Answer % Correct
7 Hull
96%
9 Leicester
96%
11 Millwall
96%
5 Coventry
92%
17 Sheffield United
92%
18 Sheffield Wednesday
92%
19 Southampton
92%
8 Ipswich
88%
12 Norwich
88%
21 Swansea
88%
24 Wrexham
88%
6 Derby
83%
13 Oxford
83%
14 Portsmouth
83%
16 Queens Park Rangers
83%
1 Birmingham
79%
10 Middlesbrough
79%
20 Stoke
79%
22 Watford
75%
3 Bristol City
71%
4 Charlton
71%
2 Blackburn
67%
15 Preston North End
67%
23 West Brom
67%
No matching quizzes found
Score Distribution
Percent of People with Each Score
Percentile by Number Answered
Your Score History
You have not taken this quiz